| 000 | 00586nam a2200205Ia 4500 | ||
|---|---|---|---|
| 005 | 20260429112255.0 | ||
| 008 | 260429s9999||||xx |||||||||||||| ||und|| | ||
| 020 | _a9783031222375 | ||
| 041 | _aEnglish | ||
| 082 |
_a535.2 _bMAC |
||
| 100 | _aMacchi, Andrea | ||
| 245 | 0 |
_aProblems in classical electromagnetism : _b203 exercises with solutions / _cAndrea Macchi |
|
| 250 | _a2nd ed. | ||
| 260 |
_aSwitzerland : _bSpringer, _c2023. |
||
| 300 | _axvii, 581 p.; pbk | ||
| 650 | _aElectromagnetism | ||
| 700 | _a Moruzzi, Giovanni | ||
| 700 | _a Pegoraro, Francesco | ||
| 942 | _cTB | ||
| 999 |
_c53246 _d53246 |
||